El movimiento de la reforma universitaria en América Latina: síntesis explicatoria

Gorde:
Xehetasun bibliografikoak
Egile nagusia: Mazo, Gabriel del (autor)
Formatua: Liburua
Hizkuntza:gaztelania
Argitaratua: Lima Universidad Nacional Federico Villarreal 1967
Gaiak:
Etiketak: Etiketa erantsi
Etiketarik gabe, Izan zaitez lehena erregistro honi etiketa jartzen!

MARC

LEADER 00000nam a2200000 a 4500
001 UCU0856
003 CL-VaPUC
008 960329e19670000PE |||||||||||||||||spa|d
082 0 4 |a 378.8  |b MAZ  |2 21 
100 |a Mazo, Gabriel del  |e autor  |9 447062 
245 1 3 |a El movimiento de la reforma universitaria en América Latina: síntesis explicatoria 
300 |a 94 p 
942 |c BK 
945 |d 19960329 00:00:00  |a cmena 
260 |a Lima  |b Universidad Nacional Federico Villarreal  |c 1967 
650 7 |a REFORMA DE LA EDUCACION  |2 CL-VaPUC  |9 333471 
650 0 |a Universidades  |9 256317 
650 0 |a Educación superior   |9 223851 
650 0 |a Política educacional  |9 308011 
651 0 |a América Latina   |9 255027 
583 |a last modification  |c 19960329 00:00:00  |k Rodrigo Vera 
999 |c 245639  |d 245637 
952 |0 0  |1 0  |4 0  |6 378_800000000000000_MAZ_1967  |7 0  |8 P  |9 260214  |a BIBEDU  |b BIBEDU  |c BIBEDU_PB  |d 2019-11-19  |i 1638424  |o 378.8 MAZ 1967  |p 1638424  |r 2019-11-19  |w 2019-11-19  |y BK  |k EDU